| 000 | 00000nam 2200000za 4500 |
| 001 | 9.661054 |
| 003 | CaOODSP |
| 005 | 20240207110924 |
| 007 | ta |
| 008 | 150407|1999||||xxc||||| f|0| 0 fre d |
| 020 | |a0-662-64296-1 |
| 040 | |aCaOODSP|bfre |
| 041 | |aeng |
| 041 | |afre |
| 043 | |an-cn--- |
| 086 | 1 |aSE1-2/1999-1 |
| 245 | 00|aRapport du directeur général des élections du Canada sur l'élection partielle dans Windsor-St. Clair. |
| 260 | |aOttawa : |bÉlections Canada, |c1999. |
| 300 | |av, 16p. : |bgraphique ; |c28 cm. |
| 500 | |aDonnées de catalogage avant publication (Canada) imprimées dans cette publication. |
| 546 | |aBilingue |
| 563 | |aCouverture souple |
| 590 | |a99-25|b1999-06-25 |
| 710 | 2 |aÉlections Canada. |
| 776 | 0#|tRapport du directeur général des élections du Canada sur l'élection partielle dans Windsor-St. Clair |w(CaOODSP)9.639931 |
| 776 | 0#|tReport of the Chief Electoral Officer of Canada following the Windsor-St. Clair by-election |w(CaOODSP)9.695834 |
| 791 | |tReport of the Chief Electoral Officer of Canada following the Windsor-St. Clair by-election.|eeng|w(CaOODSP)9.661053 |